000 00680nam a2200229 a 4500
999 _c1176
_d1176
001 1176
003 BD-JhCC
005 20180220114541.0
008 171016s2003 b a|||| |||| 00| 0 b d
020 _a9847153X
035 _a(BD-JhCC)1176
040 _aBD-JhCC
_dBD-JhCC
041 _aben
082 _222
_a344.41099
_bHAM 2003
100 _aহামিদ, আবদুল
245 _aক্রিকেট খেলার আইন-কানুন /
_cআবদুল হামিদ
260 _aঢাকা :
_bলেখক সমবায়,
_c২০০৩
300 _a111 p. :
_bill. ;
_c22cm.
650 _aCricket Law
942 _2ddc
_cBK